[Event "2BLO 1920 MSA Zugzwang - FC Bayern Mün"]
[Site "?"]
[Date "2019.10.20"]
[Round "2.6"]
[White "Hoffmeyer, Falk"]
[Black "Rodewis, Thomas"]
[Result "0-1"]
[WhiteElo "2346"]
[BlackElo "2347"]
[PlyCount "76"]
[EventDate "2019.??.??"]

1. d4 d5 2. Bf4 Nf6 3. e3 c5 4. dxc5 e6 5. b4 Nc6 6. Bb5 Nd7 7. Bxc6 bxc6 8.
Ne2 a5 9. c3 Ba6 10. Nd2 Qf6 11. Rc1 Bxe2 12. Qxe2 axb4 13. cxb4 Rxa2 14. Qd3
Be7 15. Nb3 e5 16. Bg3 O-O 17. b5 Ra3 18. Qd1 Rb8 19. b6 Qg6 20. O-O Qe4 21.
Nd4 exd4 22. Bxb8 dxe3 23. fxe3 Nxb8 24. Kh1 Ra2 25. Qf3 Qxf3 26. gxf3 Ra5 27.
Ra1 Rxa1 28. Rxa1 Bxc5 29. Ra8 Bd6 30. Kg2 Kf8 31. Kf2 Ke8 32. Ke2 Kd8 33. h3
Kc8 34. Kd3 Kb7 35. Ra7+ Kxb6 36. Rxf7 Be5 37. h4 Na6 38. h5 h6 0-1

[Event "2BLO 1920 MSA Zugzwang - FC Bayern Mün"]
[Site "?"]
[Date "2019.10.20"]
[Round "2.7"]
[White "Unzicker, Ferdinand"]
[Black "Gerigk, Erasmus"]
[Result "1-0"]
[WhiteElo "2312"]
[BlackElo "2343"]
[PlyCount "95"]
[EventDate "2019.??.??"]

1. d4 g6 2. c4 Bg7 3. Nc3 c5 4. d5 Bxc3+ 5. bxc3 f5 6. e4 fxe4 7. f3 e5 8. Qc2
d6 9. fxe4 Nh6 10. Nf3 Nf7 11. Bd3 Nd7 12. O-O O-O 13. Qf2 Kg7 14. h3 Nf6 15.
Be3 Bd7 16. Qd2 h6 17. Nh2 Qe7 18. Rf2 g5 19. Nf1 Nh5 20. Be2 Nf4 21. Ng3 Nxe2+
22. Qxe2 Nh8 23. Nf5+ Bxf5 24. exf5 Rf6 25. h4 gxh4 26. Qg4+ Kh7 27. Qxh4 Nf7
28. Rb1 b6 29. Kf1 Rg8 30. Ke2 Ng5 31. Rh1 Qg7 32. g4 Nf7 33. Kd2 Rh8 34. Rfh2
Kg8 35. Kc2 Kf8 36. Rg1 Rg8 37. Kb2 Ke8 38. Qe1 Qf8 39. Rh5 Kd7 40. Qh4 Qe7 41.
Rh1 Rh8 42. Qh3 Rg8 43. Bxh6 Rxh6 44. Rxh6 Nxh6 45. Qxh6 Qg7 46. Qe6+ Kc7 47.
f6 Qg5 48. Rh7+ 1-0

[Event "2BLO 1920 MSA Zugzwang - FC Bayern Mün"]
[Site "?"]
[Date "2019.10.20"]
[Round "2.8"]
[White "Lammers, Markus"]
[Black "Zesch, Ludwig"]
[Result "1-0"]
[WhiteElo "2319"]
[BlackElo "2312"]
[PlyCount "31"]
[EventDate "2019.??.??"]

1. Nf3 c5 2. c4 g6 3. d4 cxd4 4. Nxd4 Nc6 5. e4 Nf6 6. Nc3 d6 7. Nc2 Bg7 8. Be2
O-O 9. O-O Bd7 10. Kh1 a5 11. f3 a4 12. Bd2 Na5 13. Na3 Bc6 14. Nab5 Bxb5 15.
cxb5 a3 16. b4 1-0

[Event "2BLO 1920 SV Deggendorf - SF Bad Mergen"]
[Site "?"]
[Date "2019.10.20"]
[Round "2.1"]
[White "Karpatchev, Aleksandr"]
[Black "Sedlak, Nikola"]
[Result "1/2-1/2"]
[WhiteElo "2418"]
[BlackElo "2557"]
[PlyCount "52"]
[EventDate "2019.??.??"]

1. e4 c5 2. Nf3 d6 3. Bb5+ Bd7 4. Bxd7+ Nxd7 5. O-O Ngf6 6. Qe2 Qc7 7. c4 Rc8
8. Nc3 e6 9. d3 Be7 10. Ng5 h6 11. Nh3 a6 12. f4 O-O 13. g4 Nh7 14. Be3 Qc6 15.
a4 Bf6 16. Rf3 Bxc3 17. bxc3 f5 18. Nf2 Rce8 19. Rg3 fxe4 20. dxe4 g5 21. Qd2
Ndf6 22. fxg5 hxg5 23. Bxg5 Nxe4 24. Nxe4 Qxe4 25. Bh6 Rf3 26. Qxd6 Nf6 1/2-1/2

[Event "2BLO 1920 SV Deggendorf - SF Bad Mergen"]
[Site "?"]
[Date "2019.10.20"]
[Round "2.2"]
[White "Delchev, Aleksander"]
[Black "Ikonnikov, Vyacheslav"]
[Result "1-0"]
[WhiteElo "2558"]
[BlackElo "2498"]
[PlyCount "123"]
[EventDate "2019.??.??"]

1. e4 c5 2. Nf3 Nc6 3. Bb5 g6 4. Bxc6 dxc6 5. d3 Bg7 6. h3 b6 7. a4 a5 8. O-O
Nh6 9. Na3 O-O 10. Be3 f6 11. Nc4 Nf7 12. Re1 Nd6 13. b3 e5 14. Rb1 Be6 15.
Nfd2 Ra7 16. Nxd6 Qxd6 17. Nc4 Qd8 18. Qd2 g5 19. Qe2 Re8 20. Bd2 Bf8 21. Ne3
Qd7 22. Qf3 Qf7 23. Nf5 Rd7 24. h4 gxh4 25. Nxh4 h5 26. Nf5 Qg6 27. g3 Qg4 28.
Kg2 Rh7 29. Rh1 Qxf3+ 30. Kxf3 Bf7 31. Rh4 Bg6 32. Rbh1 Rd8 33. Ke2 Rdd7 34.
Ne3 Be7 35. R4h2 Bd6 36. Rh4 Kf8 37. Nc4 Bc7 38. Bc3 Rdg7 39. Ne3 Kg8 40. f4
Rd7 41. Rf1 exf4 42. gxf4 Bd8 43. f5 Be8 44. Ng2 Rdg7 45. Nf4 Bf7 46. Kf3 Kf8
47. Rfh1 Rg5 48. Bd2 Rg8 49. Ne2 Bc7 50. Rg1 Rxg1 51. Nxg1 Ke7 52. Bf4 Bxf4 53.
Kxf4 b5 54. c4 bxa4 55. bxa4 Rh8 56. Nf3 Rb8 57. e5 fxe5+ 58. Nxe5 Be8 59. Kg5
Rb4 60. f6+ Kf8 61. Ng6+ Bxg6 62. Kxg6 1-0

[Event "2BLO 1920 SV Deggendorf - SF Bad Mergen"]
[Site "?"]
[Date "2019.10.20"]
[Round "2.3"]
[White "Kazakouski, Valery"]
[Black "Bogosavljevic, Boban"]
[Result "1-0"]
[WhiteElo "2474"]
[BlackElo "2518"]
[PlyCount "85"]
[EventDate "2019.??.??"]

1. Nf3 d5 2. c4 d4 3. g3 Nc6 4. Bg2 e5 5. d3 Bb4+ 6. Bd2 a5 7. O-O Bxd2 8. Qxd2
Nf6 9. Na3 O-O 10. Nc2 h6 11. Rfe1 Bf5 12. b4 axb4 13. Nxb4 Nxb4 14. Qxb4 Re8
15. Qxb7 Qd6 16. Qb2 Rab8 17. Qc1 e4 18. c5 Qd7 19. dxe4 Rxe4 20. Nh4 Rbe8 21.
c6 Qe6 22. Nxf5 Qxf5 23. Qd2 R4e5 24. Qxd4 Rxe2 25. Rxe2 Rxe2 26. a4 Qa5 27.
Bf3 Rd2 28. Qe3 g5 29. h3 Kg7 30. Qe1 h5 31. Rd1 Rxd1 32. Qxd1 h4 33. Qd4 hxg3
34. fxg3 Qf5 35. Bg2 Qb1+ 36. Kh2 Qe1 37. Qc5 Kg6 38. Qc2+ Kg7 39. Qf5 Qe3 40.
a5 Ng8 41. a6 Nh6 42. Qa5 g4 43. h4 1-0

[Event "2BLO 1920 SV Deggendorf - SF Bad Mergen"]
[Site "?"]
[Date "2019.10.20"]
[Round "2.4"]
[White "Stojanovic, Dalibor"]
[Black "Lalic, Bogdan"]
[Result "1-0"]
[WhiteElo "2501"]
[BlackElo "2419"]
[PlyCount "139"]
[EventDate "2019.??.??"]

1. e4 c6 2. d4 d5 3. Nd2 dxe4 4. Nxe4 Bf5 5. Ng3 Bg6 6. Nh3 e6 7. Nf4 Bd6 8. h4
Qc7 9. Nxg6 hxg6 10. Ne4 Nf6 11. Qf3 Nxe4 12. Qxe4 Nd7 13. c3 Nf6 14. Qf3 Qa5
15. g3 Qd5 16. Bg2 a5 17. O-O Qxf3 18. Bxf3 O-O-O 19. Bg5 e5 20. dxe5 Bxe5 21.
Rfe1 Rde8 22. Bd1 Nd5 23. Bb3 f6 24. Bd2 Rd8 25. Rad1 Rd7 26. Bc2 Ne7 27. Be3
Rxd1 28. Rxd1 Nd5 29. Bc1 f5 30. Kg2 Kc7 31. a3 b5 32. Re1 Bf6 33. a4 Rd8 34.
Rh1 Rh8 35. Bb3 Rd8 36. h5 bxa4 37. Bxa4 gxh5 38. Rxh5 g6 39. Rh6 Ne7 40. Rh7
Rd7 41. Bb3 Nd5 42. Rh6 Rg7 43. Rh8 Rd7 44. Rg8 Rg7 45. Ra8 Kb6 46. Bc4 Ra7 47.
Rg8 Rg7 48. Rf8 Be7 49. Ra8 Nc7 50. Rb8+ Ka7 51. Rg8 Rxg8 52. Bxg8 g5 53. Bh7
f4 54. gxf4 gxf4 55. Bxf4 Nd5 56. Be5 Kb6 57. Kf3 a4 58. Bc2 a3 59. bxa3 Bxa3
60. Bb3 Kc5 61. Ke4 Bb2 62. Bxd5 cxd5+ 63. Kd3 Kc6 64. f4 Ba3 65. f5 Bc5 66.
Bd4 Bf8 67. Ke3 Kd6 68. Kf4 Bh6+ 69. Kg4 Ke7 70. Kh5 1-0

[Event "2BLO 1920 SV Deggendorf - SF Bad Mergen"]
[Site "?"]
[Date "2019.10.20"]
[Round "2.5"]
[White "Gasthofer, Alexander"]
[Black "Popovic, Dusan"]
[Result "1/2-1/2"]
[WhiteElo "2416"]
[BlackElo "2483"]
[PlyCount "29"]
[EventDate "2019.??.??"]

1. d4 g6 2. Nf3 Bg7 3. c3 d6 4. e4 Nd7 5. Bd3 e5 6. O-O Ngf6 7. Nbd2 O-O 8. Re1
b6 9. b3 Bb7 10. Bb2 a6 11. Qc2 Re8 12. Rad1 Nh5 13. Bf1 Qe7 14. g3 Nhf6 15.
Bg2 1/2-1/2

[Event "2BLO 1920 SV Deggendorf - SF Bad Mergen"]
[Site "?"]
[Date "2019.10.20"]
[Round "2.6"]
[White "Cabarkapa, Novak"]
[Black "Ivanov, Mikhail M"]
[Result "1-0"]
[WhiteElo "2449"]
[BlackElo "2342"]
[PlyCount "103"]
[EventDate "2019.??.??"]

1. d4 Nf6 2. Nc3 d5 3. Bf4 a6 4. e3 b5 5. a3 e6 6. g4 b4 7. axb4 Bxb4 8. f3 Bb7
9. Nge2 c5 10. Bg2 O-O 11. O-O cxd4 12. exd4 Nbd7 13. Na4 a5 14. h4 Bc6 15. h5
Ne8 16. Rf2 Bb5 17. Ng3 Rc8 18. Qc1 Nb6 19. Nxb6 Qxb6 20. c3 a4 21. Qe3 Bd6 22.
h6 Bxf4 23. Qxf4 g6 24. Qe3 Qd6 25. f4 Nf6 26. Bf3 Ra8 27. Kg2 Rfe8 28. Qe5
Qxe5 29. fxe5 Nd7 30. Be2 Bc6 31. g5 Nb6 32. Nf1 Kf8 33. Ne3 Ke7 34. Nc2 Rec8
35. Kf1 Be8 36. Ke1 Nd7 37. Bd1 Nb6 38. Be2 Nd7 39. Ra2 Nb8 40. Ne3 a3 41. Rxa3
Rxa3 42. bxa3 Rxc3 43. Ng4 Nc6 44. Rf4 Rxa3 45. Nf6 Ra4 46. Nxh7 Nxd4 47. Nf6
Nc2+ 48. Kd2 Rxf4 49. h7 Rh4 50. Bh5 Rh2+ 51. Kc3 d4+ 52. Kb3 1-0

[Event "2BLO 1920 SV Deggendorf - SF Bad Mergen"]
[Site "?"]
[Date "2019.10.20"]
[Round "2.7"]
[White "Gross, Willi"]
[Black "Krstic, Petar"]
[Result "1/2-1/2"]
[WhiteElo "2120"]
[BlackElo "2321"]
[PlyCount "23"]
[EventDate "2019.??.??"]

1. d4 d5 2. Bf4 c5 3. e3 cxd4 4. exd4 Nc6 5. c3 Bf5 6. Nf3 e6 7. Bd3 Bxd3 8.
Qxd3 Nf6 9. Nbd2 Bd6 10. Bxd6 Qxd6 11. O-O O-O 12. Rfe1 1/2-1/2

[Event "2BLO 1920 SV Deggendorf - SF Bad Mergen"]
[Site "?"]
[Date "2019.10.20"]
[Round "2.8"]
[White "Bielmeier, Ludwig"]
[Black "Reinhardt, Bernd"]
[Result "1/2-1/2"]
[WhiteElo "2093"]
[BlackElo "2182"]
[PlyCount "82"]
[EventDate "2019.??.??"]

1. Nf3 g6 2. g3 b6 3. Bg2 Bb7 4. c4 c5 5. O-O Bg7 6. Nc3 f5 7. d4 cxd4 8. Nxd4
Bxg2 9. Kxg2 Qc7 10. Qd3 Qb7+ 11. Kg1 Na6 12. Rd1 Nf6 13. Bg5 Nc5 14. Qc2 Nfe4
15. Nxe4 Nxe4 16. Be3 Rc8 17. Qa4 O-O 18. f3 Nc5 19. Qa3 d6 20. Rab1 Qd7 21.
Nb5 Qe6 22. Rdc1 a6 23. b4 Nd7 24. Nd4 Bxd4 25. Bxd4 Rxc4 26. Rxc4 Qxc4 27. Qe3
Rc8 28. Rd1 e5 29. Bb2 Qe6 30. Qd3 Rc6 31. Qxa6 Rc2 32. Rb1 Qd5 33. Qa4 Rxb2
34. Rxb2 Qd4+ 35. Kf1 Qxb2 36. Qxd7 Qb1+ 37. Kf2 Qxb4 38. Qe8+ Kg7 39. Qe7+ Kg8
40. Qe8+ Kg7 41. Qe7+ Kg8 1/2-1/2

[Event "2BLO 1920 SK Passau - SC NT Nürnberg"]
[Site "?"]
[Date "2019.10.20"]
[Round "2.1"]
[White "Maximov, Dmitry"]
[Black "Diermair, Andreas"]
[Result "0-1"]
[WhiteElo "2491"]
[BlackElo "2479"]
[PlyCount "122"]
[EventDate "2019.??.??"]

1. e4 e6 2. d4 d5 3. e5 c5 4. c3 Nc6 5. Nf3 Qb6 6. a3 c4 7. Nbd2 Na5 8. Ng5 h6
9. Nh3 Bd7 10. Nf4 O-O-O 11. g3 Kb8 12. Bg2 Ne7 13. Nh5 Nc8 14. O-O Rg8 15. Re1
Be7 16. Nf1 Nb3 17. Rb1 Nxc1 18. Qxc1 Ba4 19. h4 Rdf8 20. Qd2 Qd8 21. Nh2 Nb6
22. Re2 a6 23. Qe3 Ka8 24. Ng4 Rh8 25. Qf3 g6 26. Nhf6 h5 27. Ne3 Bxf6 28. exf6
Qd6 29. Nf1 Rc8 30. Nd2 Rc6 31. Re3 Bc2 32. Rc1 Bf5 33. Qd1 Qd8 34. a4 Qxf6 35.
a5 Nc8 36. b3 Nd6 37. bxc4 Nxc4 38. Nxc4 Rxc4 39. Bf1 Rc6 40. c4 Rhc8 41. c5 g5
42. hxg5 Qxg5 43. Rcc3 h4 44. Bg2 Rh8 45. Rb3 hxg3 46. Rxg3 Qf4 47. Rb6 Rxb6
48. axb6 Be4 49. Bh3 Qh6 50. Qf1 Kb8 51. f4 Kc8 52. c6 Qf6 53. Qa1 Qxf4 54. Qa3
bxc6 55. Bxe6+ Kb8 56. Bh3 Qf6 57. Qc3 Kb7 58. Bg2 Bxg2 59. Rxg2 Rh4 60. Rf2
Qxd4 61. Qf3 Qg4+ 0-1

[Event "2BLO 1920 SK Passau - SC NT Nürnberg"]
[Site "?"]
[Date "2019.10.20"]
[Round "2.2"]
[White "Schwabeneder, Florian"]
[Black "Milov, Leonid"]
[Result "1-0"]
[WhiteElo "2403"]
[BlackElo "2463"]
[PlyCount "143"]
[EventDate "2019.??.??"]

1. e4 c5 2. Nf3 e6 3. g3 Nc6 4. Bg2 Nf6 5. Qe2 d6 6. O-O Be7 7. c3 O-O 8. Rd1
Bd7 9. d4 cxd4 10. cxd4 d5 11. e5 Ne4 12. Be3 f6 13. exf6 Bxf6 14. Nc3 Nd6 15.
b3 Nf5 16. Rac1 Kh8 17. Qd2 Be8 18. g4 Nxe3 19. Qxe3 Be7 20. h3 Bg6 21. Rf1 Ba3
22. Rcd1 Bb4 23. Ne2 Qf6 24. Ne5 Nxe5 25. dxe5 Qe7 26. Kh1 Rac8 27. Rc1 Bc5 28.
Qg3 Bb6 29. Nf4 Bc2 30. Ne2 d4 31. Nf4 Rc3 32. Qh2 Rfc8 33. Ne2 R3c7 34. Ng3
Qa3 35. f4 d3 36. Ne4 Ba5 37. Bf3 Qxa2 38. Ra1 Qxb3 39. Rxa5 b6 40. Raa1 d2 41.
Nxd2 Qb4 42. Rfe1 Rc3 43. Bg2 a5 44. Ne4 Bxe4 45. Bxe4 R8c4 46. Qg2 Rd4 47. Re2
Qc4 48. Rae1 a4 49. f5 a3 50. fxe6 Qxe6 51. Bf5 Qe7 52. e6 g6 53. Bb1 Kg7 54.
Rf1 Qh4 55. Kh2 Rc7 56. Ba2 Re7 57. Rf7+ Rxf7 58. exf7 Qf6 59. Qg3 Rf4 60. Bd5
Qd4 61. Bb3 g5 62. Kg2 Qa1 63. Rf2 Qd4 64. Rxf4 gxf4 65. Qf2 Qe4+ 66. Qf3 Qd4
67. Qd5 Qb2+ 68. Kf3 Qc3+ 69. Kxf4 Qc1+ 70. Ke5 Qc7+ 71. Ke4 Kf8 72. Qa8+ 1-0

[Event "2BLO 1920 SK Passau - SC NT Nürnberg"]
[Site "?"]
[Date "2019.10.20"]
[Round "2.3"]
[White "Yelisieiev, Yevhenii"]
[Black "Leisch, Lukas"]
[Result "1/2-1/2"]
[WhiteElo "2396"]
[BlackElo "2344"]
[PlyCount "151"]
[EventDate "2019.??.??"]

1. d4 Nf6 2. Nf3 g6 3. g3 Bg7 4. Bg2 O-O 5. O-O d6 6. b3 c6 7. Bb2 Qa5 8. Nbd2
Qh5 9. h4 Rd8 10. Re1 Ng4 11. e4 c5 12. e5 cxd4 13. exd6 e5 14. c3 d3 15. Nc4
Qf5 16. Qd2 Bh6 17. Ng5 f6 18. Be4 Qd7 19. f3 fxg5 20. hxg5 Bf8 21. Qxd3 Bxd6
22. Nxd6 Qxd6 23. Qxd6 Rxd6 24. Rad1 Rxd1 25. Rxd1 Nc6 26. Bxc6 bxc6 27. Rd8+
Kf7 28. fxg4 Ke6 29. Rh8 Kd5 30. c4+ Ke4 31. Kg2 c5 32. Re8 Kd3 33. Kf2 e4 34.
Rd8+ Kc2 35. Ba3 Bb7 36. Rd7 Rf8+ 37. Ke1 Bc8 38. Rd2+ Kc3 39. Bxc5 Rf1+ 40.
Kxf1 Kxd2 41. Kf2 a6 42. Be3+ Kc3 43. Bf4 Kb2 44. Ke3 Kxa2 45. Kxe4 Kxb3 46.
Kd5 Bb7+ 47. Kd4 a5 48. c5 a4 49. Ke5 Kc4 50. Kd6 Kb5 51. Bc1 Bh1 52. Ba3 Bf3
53. Ke5 Kc4 54. Kd6 Kb5 55. Ke7 Kc6 56. Kf6 Be4 57. Kg7 Bh1 58. Kxh7 Be4 59.
Kg7 Bb1 60. Kf6 Bc2 61. Ke5 Bb1 62. Kd4 Bc2 63. Kc3 Be4 64. Kb4 Bb1 65. Kxa4
Bc2+ 66. Kb4 Bb1 67. Kc4 Ba2+ 68. Kd4 Bb1 69. Bc1 Bc2 70. Bf4 Bb1 71. Bd6 Bc2
72. Ke5 Bb1 73. Ke6 Ba2+ 74. Kf6 Bb1 75. Ke6 Ba2+ 76. Kf6 1/2-1/2

[Event "2BLO 1920 SK Passau - SC NT Nürnberg"]
[Site "?"]
[Date "2019.10.20"]
[Round "2.4"]
[White "Weiss, Christian"]
[Black "Mischustov, Michael"]
[Result "1/2-1/2"]
[WhiteElo "2376"]
[BlackElo "2340"]
[PlyCount "40"]
[EventDate "2019.??.??"]

1. Nf3 Nf6 2. c4 e6 3. g3 Be7 4. Bg2 O-O 5. O-O d5 6. b3 c5 7. cxd5 Nxd5 8. Bb2
b6 9. Nc3 Nxc3 10. Bxc3 Bb7 11. Qc2 Nc6 12. Rfd1 Bf6 13. Rac1 Rc8 14. Qb2 Bxc3
15. dxc3 Qe7 16. e3 Rfd8 17. Qe2 h6 18. h3 Qc7 19. Ne1 Rxd1 20. Rxd1 Rd8
1/2-1/2

[Event "2BLO 1920 SK Passau - SC NT Nürnberg"]
[Site "?"]
[Date "2019.10.20"]
[Round "2.5"]
[White "Promyshlyanskiy, Vitaliy"]
[Black "Testor, Sebastian"]
[Result "1/2-1/2"]
[WhiteElo "2275"]
[BlackElo "2303"]
[PlyCount "45"]
[EventDate "2019.??.??"]

1. e4 e6 2. d4 d5 3. Nd2 c5 4. exd5 Qxd5 5. Ngf3 cxd4 6. Bc4 Qd7 7. O-O Nc6 8.
Nb3 a6 9. Nbxd4 Nxd4 10. Nxd4 Qc7 11. Qe2 Nf6 12. Bg5 Bd6 13. Rfe1 O-O 14. Bd3
Qc5 15. Nf3 h6 16. Bxf6 gxf6 17. Qd2 Kg7 18. Re4 f5 19. Rh4 Rh8 20. Rd1 Be7 21.
Rc4 Qd6 22. Qe3 b5 23. Be2 1/2-1/2

[Event "2BLO 1920 SK Passau - SC NT Nürnberg"]
[Site "?"]
[Date "2019.10.20"]
[Round "2.6"]
[White "Pflug, Matthias"]
[Black "Kirchner, Thomas"]
[Result "1/2-1/2"]
[WhiteElo "2285"]
[BlackElo "2311"]
[PlyCount "28"]
[EventDate "2019.??.??"]

1. e4 e5 2. Nf3 Nc6 3. d4 exd4 4. Nxd4 Bc5 5. Nb3 Bb6 6. Nc3 d6 7. Qe2 Nge7 8.
Be3 Be6 9. O-O-O O-O 10. Bxb6 axb6 11. f4 Re8 12. g4 Ng6 13. f5 Bxb3 14. cxb3
Qg5+ 1/2-1/2

[Event "2BLO 1920 SK Passau - SC NT Nürnberg"]
[Site "?"]
[Date "2019.10.20"]
[Round "2.7"]
[White "Hoffmann, Sebastian"]
[Black "Hellmayr, Alois"]
[Result "1/2-1/2"]
[WhiteElo "2187"]
[BlackElo "2254"]
[PlyCount "30"]
[EventDate "2019.??.??"]

1. e4 c5 2. c3 Nf6 3. e5 Nd5 4. d4 cxd4 5. Nf3 Nc6 6. cxd4 d6 7. Bc4 Nb6 8. Bb5
Bd7 9. Nc3 e6 10. O-O Nb4 11. Bg5 Be7 12. Bxd7+ Qxd7 13. Ne4 dxe5 14. Bxe7 Qxe7
15. dxe5 O-O 1/2-1/2

[Event "2BLO 1920 SK Passau - SC NT Nürnberg"]
[Site "?"]
[Date "2019.10.20"]
[Round "2.8"]
[White "Hiermann, Dietmar"]
[Black "Heimrath, Reiner"]
[Result "1-0"]
[WhiteElo "2230"]
[BlackElo "2217"]
[PlyCount "87"]
[EventDate "2019.??.??"]

1. e4 e5 2. Nf3 Nc6 3. Bc4 Be7 4. d3 Nf6 5. Nc3 d6 6. a3 a5 7. h3 O-O 8. O-O
Be6 9. Bxe6 fxe6 10. d4 exd4 11. Nxd4 Qd7 12. Be3 Kh8 13. Qd2 Nxd4 14. Bxd4 e5
15. Be3 Qc6 16. Qd3 Rf7 17. b4 b6 18. b5 Qb7 19. Qc4 Raf8 20. a4 Bd8 21. Rad1
h6 22. f4 exf4 23. Rxf4 Re7 24. Bd4 Ree8 25. Rdf1 Be7 26. Kh1 Qc8 27. Bxf6 Bxf6
28. Nd5 Be5 29. Ne7 Rxf4 30. Nxc8 Rxf1+ 31. Qxf1 Rxc8 32. Qf5 Rd8 33. g4 Bf6
34. Qe6 Bd4 35. Qe7 Rg8 36. Kg2 Bc5 37. Qf7 Rd8 38. h4 Kh7 39. g5 Ra8 40. Kh3
Rb8 41. Kg4 hxg5 42. hxg5 Rd8 43. g6+ Kh8 44. Qe7 1-0

[Event "2BLO 1920 SV Deggendorf - Erfurter SK"]
[Site "?"]
[Date "2019.11.23"]
[Round "3.1"]
[White "Romanov, Evgeny"]
[Black "Sedlak, Nikola"]
[Result "1/2-1/2"]
[WhiteElo "2597"]
[BlackElo "2557"]
[PlyCount "44"]
[EventDate "2019.??.??"]

1. d4 e6 2. c4 Bb4+ 3. Bd2 a5 4. e3 Nf6 5. Bd3 d5 6. Nf3 O-O 7. O-O b6 8. Qc2
Bb7 9. cxd5 exd5 10. Nc3 Re8 11. a3 Bf8 12. Ne5 c5 13. Bb5 Re7 14. Rac1 Rc7 15.
Na4 Rc8 16. Qf5 Ba6 17. Bxa6 Nxa6 18. Nc3 Nc7 19. f3 g6 20. Qh3 Ne6 21. Ne2 Bg7
22. Bc3 Nd7 {(=)} 1/2-1/2

[Event "2BLO 1920 SV Deggendorf - Erfurter SK"]
[Site "?"]
[Date "2019.11.23"]
[Round "3.2"]
[White "Delchev, Aleksander"]
[Black "Braeuer, Franz"]
[Result "1/2-1/2"]
[WhiteElo "2561"]
[BlackElo "2430"]
[PlyCount "77"]
[EventDate "2019.??.??"]

1. e4 e5 2. Nf3 Nc6 3. Bb5 a6 4. Ba4 Nf6 5. Bxc6 dxc6 6. d3 Nd7 7. Be3 Bd6 8.
Nbd2 O-O 9. O-O Re8 10. c3 c5 11. a4 Nb8 12. h3 Nc6 13. Nc4 Be6 14. Ng5 Bxc4
15. dxc4 Be7 16. Nf3 Qxd1 17. Rfxd1 b6 18. Rd5 Bd6 19. b3 f6 20. Kf1 Kf7 21.
Ke2 Red8 22. Kd1 Bf8 23. Kc2 Ke8 24. g4 a5 25. g5 Ne7 26. Rxd8+ Rxd8 27. h4 Nc8
28. Nh2 Nd6 29. f3 Kf7 30. Ng4 Re8 31. h5 Re6 32. Rd1 Ke8 33. Bc1 fxg5 34. Bxg5
Nf7 35. Bh4 Bd6 36. Rg1 Be7 37. Bxe7 Kxe7 38. Ne3 g6 39. hxg6 {(=)} 1/2-1/2

[Event "2BLO 1920 SV Deggendorf - Erfurter SK"]
[Site "?"]
[Date "2019.11.23"]
[Round "3.3"]
[White "Votava, Jan"]
[Black "Bogosavljevic, Boban"]
[Result "1-0"]
[WhiteElo "2526"]
[BlackElo "2506"]
[PlyCount "95"]
[EventDate "2019.??.??"]

1. d4 Nf6 2. c4 e6 3. Nf3 d5 4. g3 Be7 5. Bg2 O-O 6. O-O dxc4 7. Qc2 b5 8. a4
b4 9. Bg5 Ba6 10. Ne5 Qxd4 11. Nxc4 Qxc4 12. Qxc4 Bxc4 13. Bxa8 Bxe2 14. Re1
Ba6 15. Nd2 Nbd7 16. Bc6 Nc5 17. Bb5 Bb7 18. a5 a6 19. Bc4 Rd8 20. Nb3 Nce4 21.
Be3 Ng4 22. Rad1 Rxd1 23. Rxd1 Nxe3 24. fxe3 Bd6 25. Nd2 Nc5 26. Bf1 Kf8 27.
Nc4 Bf3 28. Rc1 Nb3 29. Re1 Bc5 30. Ne5 Bd5 31. Bxa6 Ke7 32. Nd3 Kd6 33. Nxc5
Kxc5 34. Bd3 Nxa5 35. Bxh7 f5 36. g4 fxg4 37. Rc1+ Kd6 38. Kf2 Nb3 39. Rg1 c5
40. Rxg4 c4 41. Rxg7 Nc5 42. h4 Ne4+ 43. Bxe4 Bxe4 44. Rg8 Kc5 45. Ke2 c3 46.
Rc8+ Kb5 47. bxc3 b3 48. Kd2 1-0

[Event "2BLO 1920 SV Deggendorf - Erfurter SK"]
[Site "?"]
[Date "2019.11.23"]
[Round "3.4"]
[White "Stojanovic, Dalibor"]
[Black "Enders, Peter"]
[Result "1-0"]
[WhiteElo "2506"]
[BlackElo "2454"]
[PlyCount "79"]
[EventDate "2019.??.??"]

1. e4 e6 2. d4 d5 3. Nc3 Bb4 4. e5 c5 5. Bd2 Bxc3 6. Bxc3 cxd4 7. Bxd4 Nc6 8.
Nf3 Nh6 9. c3 Qe7 10. Bd3 Nf5 11. Qd2 Bd7 12. O-O h6 13. Rfe1 Nfxd4 14. cxd4
O-O-O 15. a3 g5 16. Qe3 Kb8 17. b4 Rc8 18. Nd2 f5 19. exf6 Qxf6 20. Bb5 Qg7 21.
Nb3 b6 22. Rac1 Kb7 23. Qd3 Nb8 24. Rxc8 Rxc8 25. Bxd7 Qxd7 26. h3 a6 27. Nd2
Qf7 28. Nf3 Nd7 29. b5 Nf8 30. bxa6+ Ka7 31. Rb1 Qf4 32. g3 Rc1+ 33. Kg2 Qc7
34. Rxc1 Qxc1 35. Ne5 Qc8 36. Qb5 Qxa6 37. Qe8 Qxa3 38. Qc8 b5 39. Qc7+ Ka6 40.
Nc6 1-0

[Event "2BLO 1920 SV Deggendorf - Erfurter SK"]
[Site "?"]
[Date "2019.11.23"]
[Round "3.5"]
[White "Haba, Petr"]
[Black "Popovic, Dusan"]
[Result "1/2-1/2"]
[WhiteElo "2470"]
[BlackElo "2484"]
[PlyCount "43"]
[EventDate "2019.??.??"]

1. d4 Nf6 2. c4 g6 3. Nc3 Bg7 4. e4 O-O 5. Nge2 d6 6. Ng3 Nbd7 7. Be2 a6 8. O-O
c5 9. d5 b5 10. cxb5 h5 11. f3 h4 12. Nh1 axb5 13. Nxb5 Ba6 14. Nf2 Qb6 15. a4
h3 16. Be3 hxg2 17. Re1 Ne8 18. Rb1 Nc7 19. b4 Bxb5 20. Bxb5 Nxb5 21. bxc5 Nxc5
22. Rxb5 {(=)} 1/2-1/2

[Event "2BLO 1920 SV Deggendorf - Erfurter SK"]
[Site "?"]
[Date "2019.11.23"]
[Round "3.6"]
[White "Cabarkapa, Novak"]
[Black "Weishaeutel, Moritz"]
[Result "1-0"]
[WhiteElo "2456"]
[BlackElo "2262"]
[PlyCount "47"]
[EventDate "2019.??.??"]

1. e4 c5 2. Nf3 d6 3. d4 cxd4 4. Qxd4 Nf6 5. Nc3 a6 6. e5 Nc6 7. Qa4 Ng4 8. Bb5
Bd7 9. Bxc6 bxc6 10. Bf4 c5 11. Qe4 Rb8 12. Nd5 Qa5+ 13. c3 Rxb2 14. O-O f5 15.
exf6 Nxf6 16. Nxf6+ gxf6 17. Bxd6 Kf7 18. Qd5+ Be6 19. Qh5+ Kg7 20. Rfe1 Rxa2
21. Rab1 exd6 22. Rb7+ Kg8 23. Rxe6 Ra1+ 24. Ne1 1-0

[Event "2BLO 1920 SV Deggendorf - Erfurter SK"]
[Site "?"]
[Date "2019.11.23"]
[Round "3.7"]
[White "Mueller, Matthias"]
[Black "Krstic, Petar"]
[Result "1/2-1/2"]
[WhiteElo "2386"]
[BlackElo "2312"]
[PlyCount "60"]
[EventDate "2019.??.??"]

1. e4 c6 2. d4 d5 3. Nc3 dxe4 4. Nxe4 Nf6 5. Nxf6+ exf6 6. c3 Bd6 7. Bd3 O-O 8.
Qc2 Re8+ 9. Ne2 h5 10. O-O Qc7 11. h3 f5 12. Re1 g6 13. Bf4 Be6 14. Qd2 Nd7 15.
Bxd6 Qxd6 16. Nf4 Nf8 17. Re5 Bd7 18. Rae1 f6 19. Bc4+ Kg7 20. Rxe8 Rxe8 21.
Rxe8 Bxe8 22. Qe3 Qd7 23. a4 h4 24. d5 g5 25. dxc6 bxc6 26. Ne6+ Nxe6 27. Bxe6
Qd1+ 28. Kh2 Qd6+ 29. Kg1 Qd1+ 30. Kh2 Qd6+ 1/2-1/2

[Event "2BLO 1920 SV Deggendorf - Erfurter SK"]
[Site "?"]
[Date "2019.11.23"]
[Round "3.8"]
[White "Firlbeck, Hubert"]
[Black "Voekler, Bernd"]
[Result "1/2-1/2"]
[WhiteElo "2082"]
[BlackElo "2360"]
[PlyCount "70"]
[EventDate "2019.??.??"]

1. d4 Nf6 2. Nf3 g6 3. Bg5 Bg7 4. Nbd2 d6 5. e4 O-O 6. c3 Nbd7 7. Be2 e5 8.
dxe5 dxe5 9. Qc2 Qe8 10. O-O h6 11. Bh4 Nh5 12. Rfe1 Nf4 13. Bf1 Nc5 14. b4
Nce6 15. Nc4 f6 16. Nfd2 Ng5 17. f3 Be6 18. Nb3 b6 19. Ne3 Qf7 20. Bb5 Kh7 21.
Rad1 Rad8 22. Bc6 Qe7 23. Bg3 Nh5 24. Nd5 Bxd5 25. Bxd5 Nxg3 26. hxg3 Rd7 27.
Nd2 Nf7 28. Nf1 h5 29. Ne3 Bh6 30. Qe2 Bxe3+ 31. Qxe3 Rfd8 32. Kf2 c6 33. Bb3
Rxd1 34. Rxd1 Rxd1 35. Bxd1 Qd6 1/2-1/2

[Event "2BLO 1920 SK Passau - Nickelhütte Aue"]
[Site "?"]
[Date "2019.11.23"]
[Round "3.1"]
[White "Erdos, Viktor"]
[Black "Diermair, Andreas"]
[Result "1/2-1/2"]
[WhiteElo "2613"]
[BlackElo "2475"]
[PlyCount "28"]
[EventDate "2019.??.??"]

1. c4 e5 2. g3 d6 3. Nc3 f5 4. d4 Be7 5. Bh3 Nf6 6. Nf3 Nc6 7. d5 Nb8 8. Qa4+
Bd7 9. Qb3 Qc8 10. Be3 b6 11. Ng5 h6 12. Ne6 Bxe6 13. dxe6 Qxe6 14. Nd5 Bd8 {
(=)} 1/2-1/2